Manual de prevención de violencia intrafamiliar (Registro nro. 4118)

Detalles MARC
000 -Cabecera
Campo de control de longitud fija 00725aam a2200277 4500
005 - Fecha y hora de la última transacción
Campo de control 20250811190307.0
008 - Elementos de longitud fija--Información general
Campo de control de longitud fija 150324b2009 xxu||||| |||| 00| 0 spa d
020 ## - International Standard Book Number
Número Internacional Estándar del Libro (ISBN) 9789682472978
041 ## - Idioma
Código de idioma Español
082 ## - Clasificación Decimal Dewey
Número de clasificación 362.829.2 A473m
100 ## - Entrada principal--Autor personal
Nombre personal Álvarez Bermudez, Javier
100 ## - Entrada principal--Autor personal
Nombre personal Hartog, Guitte
245 ## - Título propiamente dicho
Título Manual de prevención de violencia intrafamiliar
260 ## - Pie de imprenta
Lugar de publicación, distribución, etc. México
260 ## - Pie de imprenta
Nombre del editor, distribuidor, etc. Trillas
260 ## - Pie de imprenta
Fecha de publicación, distribución, etc. 2005
300 ## - Descripción física
Extensión 102 páginas
490 ## - Serie
Título de la Serie Investigación Criminal
650 ## - Materia general
Temática (materia general) FAMILIA
650 ## - Materia general
Temática (materia general) VIOLENCIA INTRAFAMILIAR
650 ## - Materia general
Temática (materia general) CONDUCTA DE VIDA
650 ## - Materia general
Temática (materia general) VIOLENCIA
650 ## - Materia general
Temática (materia general) PSICOLOGÍA SOCIAL
650 ## - Materia general
Temática (materia general) CAUSAS DE VIOLENCIA INTRAFAMILIAR
942 ## - Punto de acceso adicional KOHA
Tipo de ítem KOHA Libro
Fuente del sistema de clasificación o colocación Dewey Decimal Classification
Existencias
Signatura completa Código de barras Programa Académico Tipo de ítem
362.829.2 A473m 17930 Investigación Criminal Libro